000 00382nam a2200121 i 4500
001 bg
245 0 _aZmiany do aktów prawnych zamieszczonych w książce "Kodeks pracy oraz przepisy wykonawcze i związkowe" :
_bstan prawny na dzień 30 września 1991r.
260 _aWarszawa,
_c1991.
040 _cBPK
041 _apol
942 _cKS
008 s pl f |000 0 pol
999 _c29707
_d29707
856 _uhttp://koha.tu.koszalin.pl/cgi-bin/koha/opac-detail.pl?biblionumber=29707
_yKatalog online BPK